000 00690nam a2200241Ia 4500
005 20260121113220.0
008 12219 260114s9999 xx 000 0 eng d
020 _a9789814541305
037 _aEBOOK
040 _aCRL
_beng
_cCRL
041 _aeng
_2eng
084 _qCRL
100 _aKrikorian Ricardo
_9970060
245 0 _aPlasma Physics and Controlled Thermonuclear Fusion - Proceedings of the Ii Latin American Workshop
260 _bWorld Scientific
260 _bWSPC
260 _c1989
650 _aPhysics
_9970061
856 _uhttps://www.worldscientific.com/worldscibooks/10.1142/0846#t=toc
942 _cEBOOK
999 _c1549519
_d1549519